• 首页
  • 本馆介绍
  • 公告通知
  • 最新文献
  • 馆藏检索
  • 电子资源
  • 读者导购
  • 参考咨询
  • 我的图书馆
  • 登录
  • 详细信息显示
  • 放入我的书架
  • 预约/预借图书
  • 作者相关作品
  • 分类相关作品
  • 丛书相关作品
  • 出版社相关作品

书目信息

  • 表格格式
  • 工作单格式
  • 卡片格式
题名:
企业战略管理
    
 
作者: 邓新明 , 李剑峰 , 侯俊东 主编
分册:  
出版信息: 北京   清华大学出版社  2014.4
页数: 356页
开本: 23cm
丛书名:
单 册:
中图分类: F272.1
科图分类:
主题词: 企业战略--战略管理--高等学校--教材 , 战略管理 , 高等学校 , 教材
电子资源:
ISBN: 978-7-302-34730-9
000 01022nam0 2200301 45
001 351919
005 20161017105647.21
010    @a978-7-302-34730-9@dCNY45.00
100    @a20150307d2014 em y0chiy50 ea
101 0  @achi
102    @aCN@b110000
105    @ay z 000yy
106    @ar
200 1  @a企业战略管理@f邓新明,李剑峰,侯俊东主编
210    @a北京@c清华大学出版社@d2014.4
215    @a356页@d23cm
300    @a高等院校工商管理专业系列教材
330    @a本书共分14章,内容包括:导论、战略分析(包括内部与外部视角)、超强竞争环境与动态竞争、公司层战略、经营层战略、战略态势与战略转型、企业并购战略、战略联盟、国际化战略、企业创新战略、从红海到蓝海、组织结构与战略控制、商业伦理与战略、企业文化与战略领导力。
606 0  @a企业战略@x战略管理@x高等学校@j教材
606 0  @a战略管理
606 0  @a高等学校
606 0  @a教材
690    @aF272.1@v5
701  0 @a邓新明@4主编
701  0 @a李剑峰@4主编
701  0 @a侯俊东@4主编
801  0 @aCN@bTANGWEI@c20161010
905    @b0897175-9@dF272.1@e1316@f5
    
    企业战略管理/邓新明,李剑峰,侯俊东主编.-北京:清华大学出版社,2014.4
    356页;23cm
    高等院校工商管理专业系列教材
    
    ISBN 978-7-302-34730-9:CNY45.00
    本书共分14章,内容包括:导论、战略分析(包括内部与外部视角)、超强竞争环境与动态竞争、公司层战略、经营层战略、战略态势与战略转型、企业并购战略、战略联盟、国际化战略、企业创新战略、从红海到蓝海、组织结构与战略控制、商业伦理与战略、企业文化与战略领导力。
●
相关链接 在E读中查询图书 在五车中查询图书 在当当中查询图书 在豆瓣中查询图书


正题名:企业战略管理     索取号:F272.1/1316         预约/预借

序号 登录号 条形码 馆藏地/架位号 状态 备注
1 0897175   208971754   第一样本阅览室/ [索取号:F272.1/1316] 在馆    
2 0897176   208971763   第一借阅区/ [索取号:F272.1/1316] 在馆    
3 0897177   208971772   第一借阅区/ [索取号:F272.1/1316] 在馆    
4 0897178   208971781   第一借阅区/ [索取号:F272.1/1316] 在馆    
5 0897179   208971790   密集书库-海洋学院/ [索取号:F272.1/1316] 在馆    
唐山师范学院图书馆 欢迎您!
大连网信软件有限公司© 版权所有